A hierarchical evaluation methodology in speech recognition [abstract] /

Elmentve itt :
Bibliográfiai részletek
Szerzők: Gosztolya Gábor
Kocsor András
Testületi szerző: Conference of PhD students in computer science (4.)
Dokumentumtípus: Könyv része
Megjelent: University of Szeged Szeged 2004
Sorozat:Conference of PhD Students in Computer Science 4
Kulcsszavak:Számítástechnika - előadáskivonat, Beszédfelismerés - előadáskivonat
Tárgyszavak:
Online Access:http://acta.bibl.u-szeged.hu/59754
LEADER 00938naa a2200217 i 4500
001 acta59754
005 20230628094525.0
008 191014s2004 hu o 1|| eng d
040 |a SZTE Egyetemi Kiadványok Repozitórium  |b hun 
041 |a eng 
100 1 |a Gosztolya Gábor 
245 1 2 |a A hierarchical evaluation methodology in speech recognition   |h [elektronikus dokumentum] :  |b [abstract] /  |c  Gosztolya Gábor 
260 |a University of Szeged  |b Szeged  |c 2004 
300 |a 48-49 
490 0 |a Conference of PhD Students in Computer Science  |v 4 
650 4 |a Természettudományok 
650 4 |a Számítás- és információtudomány 
695 |a Számítástechnika - előadáskivonat, Beszédfelismerés - előadáskivonat 
700 0 1 |a Kocsor András  |e aut 
711 |a Conference of PhD students in computer science (4.)  |c Szeged  |d 2004. július 1-4. 
856 4 0 |u http://acta.bibl.u-szeged.hu/59754/1/cscs_2004_048-049.pdf  |z Dokumentum-elérés